Von der Machbarkeit des Psychischen: Texte zur Historischen Psychologie II

Saved in:  
Bibliographic Details
Contributors: Sonntag, Michael (Editor)
Format: Print Book
Language:German
Published: Pfaffenweiler Centaurus 1989
In:Year: 1989
Check availability: HBZ Gateway
Subito Delivery Service: Order now.
Keywords:

MARC

LEADER 00000cam a22000002c 4500
001 1522014950
003 DE-627
005 20240505001858.0
007 tu
008 151116s1989 xx ||||| 00| ||ger c
035 |a (DE-627)1522014950 
035 |a (DE-576)452014956 
035 |a (DE-599)BSZ452014956 
040 |a DE-627  |b ger  |c DE-627  |e rakwb 
041 |a ger 
245 0 0 |a Von der Machbarkeit des Psychischen  |b Texte zur Historischen Psychologie II 
264 1 |a Pfaffenweiler  |b Centaurus  |c 1989 
336 |a Text  |b txt  |2 rdacontent 
337 |a ohne Hilfsmittel zu benutzen  |b n  |2 rdamedia 
338 |a Band  |b nc  |2 rdacarrier 
490 0 |a Geschichte und Psychologie  |v 5 
583 1 |a Archivierung prüfen  |c 20200919  |f DE-640  |z 1  |2 pdager 
583 1 |a Archivierung/Langzeitarchivierung gewährleistet  |f PEBW  |h DE-31  |x XA-DE-BW  |2 pdager  |5 DE-21 
700 1 |a Sonntag, Michael  |e Hrsg.  |4 edt 
951 |a BO 
ELC |b 1 
LOK |0 000 xxxxxcx a22 zn 4500 
LOK |0 001 2873328878 
LOK |0 003 DE-627 
LOK |0 004 1522014950 
LOK |0 005 20151116135955 
LOK |0 008 150728||||||||||||||||ger||||||| 
LOK |0 035   |a (DE-21-110)kd6280 
LOK |0 040   |a DE-21-110  |c DE-627  |d DE-21-110 
LOK |0 689   |a s  |a Historische Psychologie 
LOK |0 852   |z Kein Bestand am IfK; Nachweis für KrimDok 
LOK |0 852   |a DE-21-110 
LOK |0 852 1  |9 00 
LOK |0 935   |a k110 
LOK |0 939   |a 28-07-15  |b l01 
ORI |a SA-MARC-krimdoka001.raw